01170nam a2200241 a 450000100100000000500170001000800410002702000180006804000250008608200130011111000320012424000180015624502300017425000290040426000360043330000210046950000400049059000270053095201260055795201110068395201170079499900170091100004664320201002053023.0180314s2017 dr 000 0 spa d a9789945906837 aDO-SdBNPbspacBNPHU axxxbxxx1 aRepública Dominicana944710a[Leyes, etc.]10aLey 87-01 sobre el sistema dominicano de seguridad social; (mod. por las leyes 72-02, 370-05, 188-07, 177-09 y adecuada conforme constituición vigente, las leyes 494-06, 247-12, 126-15 y el dec. 56-10 y sus modificaciones). aedición 35 aniversario aSanto Domingo, :bDalis,c2017. a152 p. ;c21 cm. aIncluye notas al pie de las paginas aInventariado, 2018/MFF 001054708DSaGRbGRcHDd2018-03-14iLF1l0oxxx xxxp46643-30r2020-06-25te. 3w2020-06-25yLFDSZPréstamo en sala 0010718PDaPDbPDcHDd2018-03-14iLF1l0oxxx xxxp46643-10r2020-06-25w2020-06-25yLFPDZNo se presta 0010718PDaPDbPDcHDd2018-03-14iLF1l0oxxx xxxp46643-20r2020-06-25te. 2w2020-06-25yLFPDZNo se presta c46132d46132